15 comarques de Catalunya segons ciutats més poblades (no la capital) - Statistics

General Stats
  • This quiz has been taken 141 times
    136 since last reset
  • The average score is 12 of 15
Answer Stats
Ciutats (no capital) Comarca % Correct
L'Hospitalet de Llobregat, Badalona, Santa Coloma de Gramenet, Sant Adrià de Besòs Barcelonès
100%
Mollet del Vallès, les Franqueses del Vallès, Parets del Vallès, Caldes de Montbui, Sant Celoni Vallès Oriental
100%
Roses, Castelló d'Empúries, l'Escala, Vilafant, Llançà Alt Empordà
97%
Cornellà de Llobregat, Sant Boi de Llobregat, Castelldefels, Viladecans, el Prat de Llobregat Baix Llobregat
97%
Salou, Vila-seca, Torredembarra, Constantí, Roda de Berà Tarragonès
96%
Bellver de Cerdanya, Alp, Llívia, Montellà i Martinet, Guils de Cerdanya Cerdanya
95%
Sant Joan de Vilatorrada, Sant Vicenç de Castellet, Sant Fruitós de Bages, Santpedor, Sallent Bages
94%
Manlleu, Torelló, Tona, Centelles, Taradell Osona
93%
Palafrugell, Sant Feliu de Guíxols, Palamós, Torroella de Montgrí, Calonge i Sant Antoni Baix Empordà
92%
Sant Cugat del Vallès, Rubí, Cerdanyola del Vallès, Ripollet, Montcada i Reixac Vallès Occidental
92%
Sant Pere de Ribes, Sitges, Cubelles, Canyelles, Olivella Garraf
91%
Calafell, Cunit, l'Arboç, la Bisbal del Penedès, Santa Oliva Baix Penedès
90%
Premià de Mar, Pineda de Mar, el Masnou, Vilassar de Mar, Calella Maresme
89%
Gironella, Puig-reig, Bagà, Avià, Casserres Berguedà
88%
Deltebre, Roquetes, l'Ametlla de Mar, l'Aldea, Camarles Baix Ebre
87%
Sant Joan de les Abadesses, Campdevànol, Camprodon, Ribes de Freser, Sant Pau de Segúries Ripollès
87%
Alcover, el Pla de Santa Maria, Vallmoll, Vila-rodona, Cabra del Camp Alt Camp
86%
Cambrils, Mont-roig del Camp, Vandellós i l'Hospitalet de l'infant, Riudoms, la Selva del Camp Baix Camp
85%
Sant Joan les Fonts, la Vall d'en Bas, Besalú, les Planes d'Hostoles, les Preses Garrotxa
85%
Sant Sadurní d'Anoia, Santa Margarida i els Monjos, Gelida, Olèrdola, Subirats Alt Penedès
84%
Salt, Cassà de la Selva, Llagostera, Celrà, Sarrià de Ter Gironès
83%
Olost, Sant Bartomeu del Grau, Sant Feliu Sasserra, Sant Boi de Lluçanès, Oristà Lluçanès
81%
Blanes, Lloret de Mar, Vidreres, Caldes de Malavella, Maçanet de la Selva Selva
79%
Batea, Horta de Sant Joan, el Pinell de Brai, Corbera d'Ebre, la Fatarella Terra Alta
79%
Linyola, Bell-lloc d'Urgell, Bellvís, Torregrossa, el Palau d'Anglesola Pla d'Urgell
78%
Betren, Gausac, Vilac, Aubèrt, Escunhau Vall d'Aran
77%
Flix, Móra la Nova, Ascó, Tivissa, Benissanet Ribera d'Ebre
76%
Artesa de Segre, Ponts, Vallfogona de Balaguer, Albesa, Térmens Noguera
75%
Vall de Boí, Vilaller Alta Ribagorça
71%
La Ràpita, Alcanar, Ulldecona, la Sènia, Santa Bàrbara Montsià
70%
Agramunt, Bellpuig, Anglesola, la Fuliola, Castellserà Urgell
70%
Castellterçol, Santa Maria d'Oló, Calders, Castellcir, Monistrol de Calders Moianès
68%
Esterri d'Àneu, Rialp, Soriguera, Alt Àneu, Espot Pallars Sobirà
68%
Porqueres, Cornellà del Terri, Fontcoberta, Serinyà, Vilademuls Pla de l'Estany
68%
Sant Llorenç de Morunys, Olius, Pinós, Riner, Odèn Solsonès
68%
Piera, Vilanova del Camí, Santa Margarida de Montbui, Masquefa, Capellades Anoia
66%
Alcarràs, Almacelles, Alpicat, Torrefarrera, Alcoletge Segrià
66%
Espluga de Francolí, Santa Coloma de Queralt, Sarral, Vimbodí i Poblet, Solivella Conca de Barberà
65%
La Pobla de Segur, Isona i Conca Dellà, la Torre de Cabdella, Conca de Dalt, Talarn Pallars Jussà
64%
Guissona, Torà, Sant Guim de Freixenet, Torrefeta i Florejacs, els Plans de Sió Segarra
61%
Cornudella de Montsant, Marçà, el Masroig, Porrera, Capçanes Priorat
55%
Castellciutat, Santa Magdalena, Sant Antoni, el Poble-sec, Serrat de la Capella Alt Urgell
51%
Juneda, Arbeca, Castelldans, l'Albi, la Granadella Garrigues
51%
No matching quizzes found
Score Distribution
Percent of People with Each Score
Percentile by Number Answered
Your Score History
You have not taken this quiz since the last reset